La ballena jorobada: conservación en el Parque Marino Francisco Coloane
Gorde:
| Egile Nagusiak: | , , |
|---|---|
| Formatua: | Liburua |
| Hizkuntza: | gaztelania |
| Argitaratua: |
Santiago
Ocho Libros
2011
|
| Gaiak: | |
| Etiketak: |
Etiketa erantsi
Etiketarik gabe, Izan zaitez lehena erregistro honi etiketa jartzen!
|
MARC
| LEADER | 00000cam a2200000 a 4500 | ||
|---|---|---|---|
| 001 | UCF5863 | ||
| 003 | CL-VaPUC | ||
| 008 | 130328e20110000CL |||||||||||||||||spa|d | ||
| 020 | |a 9789563350845 | ||
| 082 | 0 | 4 | |a 334 |b AGU |2 21 |
| 100 | 0 | |a Aguayo Lobo, Anelio |e author |9 567842 | |
| 700 | 0 | |a Acevedo Ramírez, Jorge |e author |9 567843 | |
| 700 | 0 | |a Cornejo Erices, Sergio |e author |9 567844 | |
| 245 | 1 | 3 | |a La ballena jorobada: conservación en el Parque Marino Francisco Coloane |
| 300 | |a 180 p | ||
| 942 | |c BK | ||
| 945 | |d 20130328 00:00:00 |a dcastane | ||
| 260 | |a Santiago |b Ocho Libros |c 2011 | ||
| 650 | 0 | |a Animales en peligro de extinción |9 567845 | |
| 650 | 7 | |a CETACEOS |2 CL-VaPUC |9 374626 | |
| 650 | 0 | |a Vertebrados |9 320144 | |
| 650 | 7 | |a BALLENAS |2 CL-VaPUC |9 261767 | |
| 650 | 7 | |a FISIOLOGIA ANIMAL |2 CL-VaPUC |9 269586 | |
| 583 | |a last modification |c 20130328 10:53:00 |k Rodrigo Vera | ||
| 999 | |c 351256 |d 351254 | ||
| 952 | |0 0 |1 0 |4 0 |6 334_000000000000000_AGU_2011 |7 0 |8 C |9 455260 |a BIBCUR |b BIBCUR |d 2019-11-22 |i 4958993 |l 1 |o 334 AGU 2011 |p 4958993 |r 2025-04-22 |s 2025-01-22 |w 2019-11-22 |y BK |k EXP | ||